00478nam a22001577a 450000500170000000800410001702000280005804100130008608200140009910000240011324500590013725000200019626000470021630000320026365000250029520231110095249.0231110b |||||||| |||| 00| 0 eng d a0702106313 ; 0702106321 aEnglish  a346.1 HAH aHahlo, HRlEnglish  aThe South African Law of Husband and Wife / cHR Hahlo aFourth Edition  aCape Town : bJuta and Company Ltd, c1975 bxcii, 754 pages ; c26 cm.  aLegal practice bLaw